Central Library OPAC University of Rajshahi

More golf secrets : (Record no. 16582)

MARC details
000 -LEADER
fixed length control field 00706cam a22002531 4500
001 - CONTROL NUMBER
control field 16582
003 - CONTROL NUMBER IDENTIFIER
rucl marc code BD-RjUL
005 - DATE AND TIME OF LATEST TRANSACTION
control field 20211209000028.0
008 - FIXED-LENGTH DATA ELEMENTS--GENERAL INFORMATION
fixed length control field 140215s1955 xx 001 0 eng
035 ## - SYSTEM CONTROL NUMBER
System control number (BD-RjUL)16637
System control number (OCoLC)1475989
040 ## - CATALOGING SOURCE
Original cataloging agency DLC
Transcribing agency FM
Modifying agency DLC
-- BD-RjUL
Language of cataloging eng
041 ## - LANGUAGE CODE
Language code of text/sound track or separate title eng
082 00 - DEWEY DECIMAL CLASSIFICATION NUMBER
Classification number 796.352
Author mark and year MUM 1955
100 1# - MAIN ENTRY--PERSONAL NAME
Personal name Murray, Henry Arthur,
Dates associated with a name 1892-
9 (RLIN) 51236
245 10 - TITLE STATEMENT
Title More golf secrets :
Remainder of title Sequel to the golf secret /
Statement of responsibility, etc. Dr. H. A. Murray.
260 ## - PUBLICATION, DISTRIBUTION, ETC. (IMPRINT)
Place of publication, distribution, etc. New York :
Name of publisher, distributor, etc. Emerson Books,
Date of publication, distribution, etc. 1955.
300 ## - PHYSICAL DESCRIPTION
Pagination 140 p. :
Illustrations illus. ;
Size 20 cm.
504 ## - BIBLIOGRAPHY, ETC. NOTE
Bibliography, etc Includes index.
650 #0 - SUBJECT ADDED ENTRY--TOPICAL TERM
Topical term or geographic name as entry element GolF
9 (RLIN) 51237
942 ## - ADDED ENTRY ELEMENTS (KOHA)
Source of classification or shelving scheme Dewey Decimal Classification
Koha item type Books
Holdings
Lost status Source of classification or shelving scheme Damaged status Not for loan Collection code Permanent Location Current Location Shelving location Date acquired Source of acquisition Cost, normal purchase price Total Checkouts Full call number Date last seen Copy number Koha item type
  Dewey Decimal Classification   Not For Loan Non-fiction Central Library, University of Rajshahi Central Library, University of Rajshahi Reading Room 11/04/1956 B.H.Black Well 6.00   796.352 MUM 1955 15/02/2014 C-1 Books